000 00622nam a2200217Ia 4500
005 20241129104355.0
008 241129s9999||||xx |||||||||||||| ||und||
020 _a9781594206436
037 _aTextual
040 _aRTL
_beng
_cRTL
041 _aeng
_2eng
084 _aX9(F55).1 R1
_qRTL
100 _aYergin Daniel
_9117650
245 0 _aNew map: Energy climate and the clash of nations
_cYergin Daniel
260 _aNew York
_bPenguin Books
_c2021
300 _axviii,492p.
365 _aINR
_b699
650 _aGlobal Change
_9726093
942 _cTB
_hX9(F55).1 R1
999 _c1225616
_d1225616